ბათუმის შოთა რუსთაველის სახელმწიფო უნივერსიტეტის ბიბლიოთეკა

MATLAB პროგრამული პაკეტის გამოყენების საფუძვლები (ბიბ.ჩანაწერი № 54127)

000 -LEADER
fixed length control field 00995nam a2200265Ia 4500
001 - CONTROL NUMBER
control field 21182
003 - CONTROL NUMBER IDENTIFIER
control field GE_BSU
008 - FIXED-LENGTH DATA ELEMENTS--GENERAL INFORMATION
fixed length control field 181216s||||||||xx |||||||||||||| ||und||
020 ## - INTERNATIONAL STANDARD BOOK NUMBER
International Standard Book Number 9789941148101
040 ## - CATALOGING SOURCE
Transcribing agency GE_BSU
080 ## - UNIVERSAL DECIMAL CLASSIFICATION NUMBER
Universal Decimal Classification number 004.42
100 ## - MAIN ENTRY--PERSONAL NAME
Personal name ბაიაშვილი, ზურაბ.
245 ## - TITLE STATEMENT
Title MATLAB პროგრამული პაკეტის გამოყენების საფუძვლები
245 ## - TITLE STATEMENT
Remainder of title სახელმძღვ.
245 ## - TITLE STATEMENT
Statement of responsibility, etc. [რედ. ლ. მამალაძე]
260 ## - PUBLICATION, DISTRIBUTION, ETC.
Place of publication, distribution, etc. თბილისი
260 ## - PUBLICATION, DISTRIBUTION, ETC.
Name of publisher, distributor, etc. სტუ.
260 ## - PUBLICATION, DISTRIBUTION, ETC.
Date of publication, distribution, etc. 2010
300 ## - PHYSICAL DESCRIPTION
Extent 120გვ. : ფიგ. ; 20სმ.
300 ## - PHYSICAL DESCRIPTION
Other physical details ბიბლიოგრ.: გვ. 118.
653 ## - INDEX TERM--UNCONTROLLED
Uncontrolled term კომპიუტერული პროგრამები. პროგრამული პაკეტები.
653 ## - INDEX TERM--UNCONTROLLED
Uncontrolled term კომპიუტერული ტექნოლოგიები
942 ## - ADDED ENTRY ELEMENTS (KOHA)
Koha item type წიგნი
ეგზემპლარები
Withdrawn status Lost status Damaged status Not for loan Date acquired Barcode Date last seen Price effective from Koha item type
        2018-12-17 860 2018-12-17 2018-12-17 წიგნი